Гальваностатическое восстановление перфтордифенилртути. Десорбция деполяризатора на емкостном участке кривой заряжения: отдельный оттиск

Detalhes bibliográficos
Outros Autores: Эршлер А. Б., Овсянникова Н. Н., Алесеев В. Н., Кашин А. Н.
Idioma:russo
Publicado em: Москва, [Б. и.], 1973
Colecção:Электрохимия Т. 9, вып. 8
Assuntos:
Formato: Livro
KOHA link:https://koha.lib.tpu.ru/cgi-bin/koha/opac-detail.pl?biblionumber=335036

MARC

LEADER 00000nam0a2200000 4500
001 335036
005 20231102004720.0
035 |a (RuTPU)RU\TPU\book\361363 
090 |a 335036 
100 |a 20170913d1973 k y0rusy50 ca 
101 0 |a rus 
102 |a RU 
105 |a a z 001zy 
200 1 |a Гальваностатическое восстановление перфтордифенилртути. Десорбция деполяризатора на емкостном участке кривой заряжения  |e отдельный оттиск  |f А. Б. Эршлер [и др.] 
210 |a Москва  |c [Б. и.]  |d 1973 
215 |a 11 с.  |c ил. 
225 1 |a Электрохимия  |v Т. 9, вып. 8 
320 |a Библиогр. в конце ст. 
606 1 |a Электрохимия  |2 stltpush  |3 (RuTPU)RU\TPU\subj\21014  |9 46066 
610 1 |a электрохимические процессы 
610 1 |a электродные процессы 
610 1 |a гальваностатическое восстановление 
610 1 |a десорбция 
610 1 |a деполяризация 
610 1 |a адсорбция 
610 1 |a растворимость 
610 1 |a оттиски 
610 1 |a библиотека А. Г. Стромберга 
675 |a 544.6  |v 4 
701 1 |a Эршлер  |b А. Б. 
701 1 |a Овсянникова  |b Н. Н. 
701 1 |a Алесеев  |b В. Н. 
701 1 |a Кашин  |b А. Н. 
801 1 |a RU  |b 63413507  |c 20170913 
801 2 |a RU  |b 63413507  |c 20171215  |g RCR 
942 |c BK